[Event "OP-2014-0-03525"]
[Site "LSS email"]
[Date "2014.10.21"]
[Round "?"]
[White "Salinas, Evin"]
[Black "Nejdek, Petr"]
[Result "0-1"]
[WhiteElo "663"]
[BlackElo "642"]
[PlyCount "38"]
[EventDate "2014.10.09"]
[EventType "tourn (corr)"]
[EventRounds "4"]
[EventCountry "GER"]
[SourceTitle "Corr 2015"]
[Source "ChessBase"]
[SourceDate "2015.07.17"]
[SourceVersion "1"]
[SourceVersionDate "2015.07.17"]
[SourceQuality "1"]

1. e4 e5 2. Nf3 d6 3. Bc4 Bg4 4. c3 Nf6 5. d4 exd4 6. cxd4 Be7 7. Qb3 0-0 8. Ng5 d5 9. exd5 Bh5 10. d6 Qxd6 11. 0-0 h6 12. Nf3 Nc6 13. Nh4 Ne4 14. Nf5 Qf6 15. Nxe7+ Nxe7 16. Qxb7 Qg6 17. Bxh6 Bf3 18. g3 Qxh6 19. Qxc7 Qh3 0-1

[Event "ZN-2014-0-02834"]
[Site "LSS email"]
[Date "2014.10.15"]
[Round "?"]
[White "Salinas, Evin"]
[Black "Filippkina, Anna"]
[Result "1-0"]
[WhiteElo "663"]
[BlackElo "833"]
[PlyCount "63"]
[EventDate "2014.10.12"]
[EventType "match (corr)"]
[EventRounds "2"]
[EventCountry "GER"]
[SourceTitle "Corr 2015"]
[Source "ChessBase"]
[SourceDate "2015.07.17"]
[SourceVersion "1"]
[SourceVersionDate "2015.07.17"]
[SourceQuality "1"]

1. e4 e5 2. Nf3 Nc6 3. Nc3 Nf6 4. Bb5 d6 5. 0-0 Bd7 6. Ne2 Nxe4 7. d4 Nxd4 8. Nexd4 exd4 9. Bxd7+ Qxd7 10. Nxd4 0-0-0 11. Be3 Kb8 12. a4 Be7 13. Nb5 a6 14. Qd4 Nc5 15. Nc3 Bf6 16. Qc4 Qe6 17. Qe2 Rhe8 18. Rfe1 Qf5 19. Qc4 Qe6 20. Qe2 Qf5 21. b4 Bxc3 22. bxc5 Bxa1 23. Rxa1 Qxc5 24. Rb1 Qc6 25. c3 f5 26. a5 f4 27. Qd3 fxe3 28. fxe3 Re4 29. Rf1 Rde8 30. Rf7 Rxe3 31. Qd4 Qxc3 32. Qxg7 1-0

[Event "ZN-2014-0-02832"]
[Site "LSS email"]
[Date "2014.10.14"]
[Round "?"]
[White "Salinas, Evin"]
[Black "Simmons, Ernest"]
[Result "0-1"]
[WhiteElo "663"]
[BlackElo "758"]
[PlyCount "46"]
[EventDate "2014.10.11"]
[EventType "match (corr)"]
[EventRounds "2"]
[EventCountry "GER"]
[SourceTitle "Corr 2015"]
[Source "ChessBase"]
[SourceDate "2015.07.17"]
[SourceVersion "1"]
[SourceVersionDate "2015.07.17"]
[SourceQuality "1"]

1. e4 c6 2. Nc3 e6 3. Nf3 d5 4. Ne5 Bd6 5. d4 Qc7 6. Qg4 g6 7. Ne2 Nf6 8. Qh4 Nxe4 9. Bf4 Qe7 10. Bg5 Qxg5 11. Qxg5 Nxg5 12. f4 Ne4 13. 0-0-0 Nf2 14. Rg1 Nxd1 15. Kxd1 0-0 16. Ng3 Nd7 17. h4 f6 18. Ng4 Bxf4 19. Ne2 Bc7 20. Nc3 Bb6 21. Bd3 Bxd4 22. Ne2 Bxg1 23. Nxg1 Nc5 0-1

[Event "OP-2014-0-03523"]
[Site "LSS email"]
[Date "2014.10.12"]
[Round "?"]
[White "Rada, Karel"]
[Black "Salinas, Evin"]
[Result "1-0"]
[WhiteElo "913"]
[BlackElo "661"]
[PlyCount "31"]
[EventDate "2014.10.07"]
[EventType "tourn (corr)"]
[EventRounds "4"]
[EventCountry "GER"]
[SourceTitle "Corr 2015"]
[Source "ChessBase"]
[SourceDate "2015.07.17"]
[SourceVersion "1"]
[SourceVersionDate "2015.07.17"]
[SourceQuality "1"]

1. e4 e5 2. Nf3 Bc5 3. Nxe5 Qe7 4. d4 Bb6 5. Bc4 Qb4+ 6. Nc3 d5 7. Bxd5 Be6 8. Bxe6 fxe6 9. Qh5+ g6 10. Nxg6 Nd7 11. Nxh8+ Kd8 12. Bg5+ Ngf6 13. Qxh7 Qxb2 14. 0-0 Kc8 15. Bxf6 Qxc3 16. Qg8+ 1-0

[Event "RN-2014-0-00855"]
[Site "LSS email"]
[Date "2014.10.12"]
[Round "?"]
[White "Salinas, Evin"]
[Black "Bortnicker, Justin"]
[Result "0-1"]
[WhiteElo "661"]
[BlackElo "801"]
[PlyCount "44"]
[EventDate "2014.10.02"]
[EventType "tourn (corr)"]
[EventRounds "6"]
[EventCountry "GER"]
[SourceTitle "Corr 2015"]
[Source "ChessBase"]
[SourceDate "2015.07.17"]
[SourceVersion "1"]
[SourceVersionDate "2015.07.17"]
[SourceQuality "1"]

1. e4 e5 2. Nf3 Nc6 3. c3 Nf6 4. Bc4 Bc5 5. d4 exd4 6. cxd4 Bb6 7. Nc3 Ba5 8. 0-0 0-0 9. d5 Ne7 10. Qc2 Bxc3 11. Qxc3 Nxe4 12. Qe5 Nf6 13. Ng5 d6 14. Qg3 Nexd5 15. Qd3 Nb6 16. Bb3 h6 17. Nh3 Bxh3 18. Qxh3 Qd7 19. Qg3 Kh8 20. Qh4 Qg4 21. Qxg4 Nxg4 22. h3 Ne5 0-1

[Event "RN-2014-0-00855"]
[Site "LSS email"]
[Date "2014.10.12"]
[Round "?"]
[White "Salinas, Evin"]
[Black "Venturas, Bob"]
[Result "1-0"]
[WhiteElo "661"]
[BlackElo "686"]
[PlyCount "81"]
[EventDate "2014.10.02"]
[EventType "tourn (corr)"]
[EventRounds "6"]
[EventCountry "GER"]
[SourceTitle "Corr 2015"]
[Source "ChessBase"]
[SourceDate "2015.07.17"]
[SourceVersion "1"]
[SourceVersionDate "2015.07.17"]
[SourceQuality "1"]

1. e4 e5 2. Nf3 d6 3. Bc4 h6 4. d4 Qf6 5. h3 Nd7 6. c3 Nb6 7. Be3 Nxc4 8. Qa4+ Bd7 9. Qxc4 a6 10. Qxc7 b5 11. Qb7 Qd8 12. dxe5 Ne7 13. exd6 Bc6 14. dxe7 Bxb7 15. exd8Q+ Rxd8 16. 0-0 Bxe4 17. Re1 Bxf3 18. gxf3 Be7 19. Nd2 0-0 20. Kh1 Rd5 21. Rg1 Rh5 22. Rg2 Rxh3+ 23. Rh2 Rh4 24. Rxh4 Bxh4 25. Rg1 Kh7 26. Bd4 Bf6 27. Bxf6 gxf6 28. Ne4 f5 29. Nc5 a5 30. a3 Rd8 31. Nb7 Ra8 32. Nd6 Rb8 33. Nxf5 Rg8 34. Nd6 f6 35. Nxb5 Rb8 36. c4 Rd8 37. c5 Rd5 38. Rc1 a4 39. Nd6 Kg7 40. c6 Rxd6 41. c7 1-0

[Event "ZN-2014-0-02824"]
[Site "LSS email"]
[Date "2014.10.08"]
[Round "?"]
[White "Komarov, Valerij"]
[Black "Salinas, Evin"]
[Result "1-0"]
[WhiteElo "717"]
[BlackElo "661"]
[PlyCount "35"]
[EventDate "2014.10.04"]
[EventType "match (corr)"]
[EventRounds "2"]
[EventCountry "GER"]
[SourceTitle "Corr 2015"]
[Source "ChessBase"]
[SourceDate "2015.07.17"]
[SourceVersion "1"]
[SourceVersionDate "2015.07.17"]
[SourceQuality "1"]

1. e4 e5 2. Nf3 Nc6 3. Bb5 Bc5 4. d3 Nf6 5. 0-0 a6 6. Bxc6 dxc6 7. Nxe5 0-0 8. Be3 Bb6 9. Qe2 Qd6 10. Nc4 Qe6 11. Nxb6 cxb6 12. Bxb6 Qd6 13. e5 Qb4 14. exf6 g6 15. Qe3 Qxb2 16. Bd4 Qxc2 17. Nc3 Bf5 18. Qh6 1-0

[Event "RN-2014-0-00854"]
[Site "LSS email"]
[Date "2014.10.07"]
[Round "?"]
[White "Salinas, Evin"]
[Black "Bieszk, Stanislaw"]
[Result "0-1"]
[WhiteElo "661"]
[BlackElo "850"]
[PlyCount "46"]
[EventDate "2014.09.28"]
[EventType "tourn (corr)"]
[EventRounds "6"]
[EventCountry "GER"]
[SourceTitle "Corr 2015"]
[Source "ChessBase"]
[SourceDate "2015.07.17"]
[SourceVersion "1"]
[SourceVersionDate "2015.07.17"]
[SourceQuality "1"]

1. Nf3 f5 2. b3 Nf6 3. Bb2 e6 4. d3 c5 5. e3 Nc6 6. Be2 Be7 7. c4 d6 8. Nbd2 Bd7 9. a3 0-0 10. Nf1 Qc7 11. Ng3 Ne5 12. 0-0 h6 13. Nh4 g5 14. f4 Neg4 15. Ng6 Nxe3 16. Nxe7+ Kf7 17. Qd2 Nxf1 18. Kxf1 Kxe7 19. fxg5 hxg5 20. Qxg5 e5 21. Nxf5+ Bxf5 22. Qxf5 Nd7 23. Qxf8+ Rxf8+ 0-1

[Event "RN-2014-0-00853"]
[Site "LSS email"]
[Date "2014.10.05"]
[Round "?"]
[White "Fridich, Vaclav Sr"]
[Black "Salinas, Evin"]
[Result "1-0"]
[WhiteElo "910"]
[BlackElo "661"]
[PlyCount "97"]
[EventDate "2014.09.25"]
[EventType "tourn (corr)"]
[EventRounds "6"]
[EventCountry "GER"]
[SourceTitle "Corr 2015"]
[Source "ChessBase"]
[SourceDate "2015.07.17"]
[SourceVersion "1"]
[SourceVersionDate "2015.07.17"]
[SourceQuality "1"]

1. e4 e5 2. Nf3 Nc6 3. Bc4 Nf6 4. d3 Bc5 5. 0-0 0-0 6. c3 a5 7. a3 Ne7 8. Bg5 c6 9. Nxe5 d5 10. Ba2 Ng6 11. Bxf6 Qxf6 12. Ng4 Bxg4 13. Qxg4 dxe4 14. dxe4 Ne5 15. Qe2 Rad8 16. Nd2 Nd3 17. b4 Nf4 18. Qe1 Bb6 19. Nc4 Bc7 20. e5 Qf5 21. Bb1 Qg5 22. Qe4 Rfe8 23. Qxh7+ Kf8 24. Qe4 Bxe5 25. Nxe5 Rxe5 26. Qf3 Rd6 27. g3 Nh3+ 28. Kg2 Rf6 29. Qd1 Qh6 30. Qd8+ Re8 31. Qxa5 Kg8 32. Ra2 Rd6 33. Qf5 Ng5 34. h4 Ne6 35. f4 Rd5 36. Qe4 f5 37. Qf3 g6 38. Re2 Kf7 39. Ba2 Rd6 40. Rfe1 Qg7 41. c4 Kf6 42. Qc3+ Kf7 43. Qxg7+ Kxg7 44. c5 Rd3 45. Bxe6 Rxa3 46. Bc4 Rxe2+ 47. Rxe2 Ra4 48. Re7+ Kf6 49. Rf7# 1-0

[Event "RN-2014-0-00853"]
[Site "LSS email"]
[Date "2014.10.05"]
[Round "?"]
[White "Salinas, Evin"]
[Black "Lenz, Juergen"]
[Result "0-1"]
[WhiteElo "661"]
[BlackElo "947"]
[PlyCount "82"]
[EventDate "2014.09.25"]
[EventType "tourn (corr)"]
[EventRounds "6"]
[EventCountry "GER"]
[SourceTitle "Corr 2015"]
[Source "ChessBase"]
[SourceDate "2015.07.17"]
[SourceVersion "1"]
[SourceVersionDate "2015.07.17"]
[SourceQuality "1"]

1. e4 Nf6 2. e5 Nd5 3. d4 d6 4. Qd2 Nc6 5. Bb5 a6 6. Bc4 Nb6 7. Bb3 d5 8. Nf3 Bf5 9. Nc3 e6 10. a3 Na5 11. Na4 Nac4 12. Bxc4 Nxc4 13. Qc3 b5 14. Nc5 Bxc5 15. dxc5 c6 16. Bg5 Qa5 17. Qxa5 Nxa5 18. Nd4 Kd7 19. Nxf5 exf5 20. 0-0 h6 21. Bd2 Nb7 22. Rae1 Nxc5 23. b4 Ne6 24. Ra1 c5 25. Rfe1 c4 26. a4 d4 27. Ra2 Kc6 28. Rea1 Kb7 29. a5 Rad8 30. f4 g5 31. c3 gxf4 32. Kf2 Rd5 33. Re1 Rg8 34. Kf3 Ng5+ 35. Kxf4 Ne4 36. Kxf5 Nxc3 37. Bxc3 dxc3 38. Kf6 Rd7 39. e6 Rg6+ 40. Kf5 Rd5+ 41. Ke4 Rxe6+ 0-1

[Event "ZN-2014-0-02819"]
[Site "LSS email"]
[Date "2014.10.05"]
[Round "?"]
[White "Salinas, Evin"]
[Black "Linart, Ludvik"]
[Result "1/2-1/2"]
[WhiteElo "661"]
[BlackElo "922"]
[PlyCount "97"]
[EventDate "2014.09.30"]
[EventType "match (corr)"]
[EventRounds "2"]
[EventCountry "GER"]
[SourceTitle "Corr 2015"]
[Source "ChessBase"]
[SourceDate "2015.07.17"]
[SourceVersion "1"]
[SourceVersionDate "2015.07.17"]
[SourceQuality "1"]

1. e4 e5 2. Nf3 Nc6 3. Bb5 a6 4. Bxc6 dxc6 5. 0-0 Bd6 6. d4 exd4 7. Qxd4 f6 8. Re1 Be6 9. e5 Bxe5 10. Qxd8+ Rxd8 11. Nxe5 fxe5 12. Nc3 Nf6 13. Rxe5 Kf7 14. Bg5 h6 15. Bh4 g5 16. Bg3 Rd2 17. Rc1 Rhd8 18. Rce1 Re8 19. Ne4 Rxc2 20. h4 Nxe4 21. R1xe4 Rxb2 22. hxg5 hxg5 23. Rxg5 Rb1+ 24. Kh2 Rh8+ 25. Bh4 Rd1 26. Rgg4 Bxg4 27. Rxg4 Rd2 28. a4 Rxf2 29. Kg1 Rb2 30. Rf4+ Ke6 31. g3 c5 32. Re4+ Kd5 33. Re7 Kd6 34. Rg7 Re8 35. g4 b5 36. axb5 axb5 37. Bg3+ Kd5 38. Rxc7 Kc4 39. Bf2 Rxf2 40. Kxf2 Re5 41. Rf7 Kb3 42. Rf3+ Kc2 43. Rf5 Rxf5+ 44. gxf5 b4 45. f6 b3 46. f7 b2 47. f8Q b1Q 48. Qxc5+ Kb2 49. Qb4+ 1/2-1/2

[Event "RN-2014-0-00850"]
[Site "LSS email"]
[Date "2014.09.29"]
[Round "?"]
[White "Komarov, Valerij"]
[Black "Salinas, Evin"]
[Result "0-1"]
[WhiteElo "717"]
[BlackElo "661"]
[PlyCount "36"]
[EventDate "2014.09.19"]
[EventType "tourn (corr)"]
[EventRounds "6"]
[EventCountry "GER"]
[SourceTitle "Corr 2015"]
[Source "ChessBase"]
[SourceDate "2015.07.17"]
[SourceVersion "1"]
[SourceVersionDate "2015.07.17"]
[SourceQuality "1"]

1. g3 e5 2. Bg2 Nc6 3. d3 Bc5 4. a3 Qf6 5. Nf3 d5 6. c3 e4 7. dxe4 dxe4 8. Nd4 Nxd4 9. Be3 Nh6 10. Bxd4 Bxd4 11. cxd4 0-0 12. Bxe4 Bh3 13. Bxb7 Rab8 14. Be4 Rxb2 15. Nc3 Re8 16. f3 Nf5 17. Nd5 Qxd4 18. Bxf5 Rbxe2+ 0-1

[Event "RN-2014-0-00850"]
[Site "LSS email"]
[Date "2014.09.29"]
[Round "?"]
[White "Salinas, Evin"]
[Black "Ilg, Christian"]
[Result "0-1"]
[WhiteElo "661"]
[BlackElo "853"]
[PlyCount "66"]
[EventDate "2014.09.19"]
[EventType "tourn (corr)"]
[EventRounds "6"]
[EventCountry "GER"]
[SourceTitle "Corr 2015"]
[Source "ChessBase"]
[SourceDate "2015.07.17"]
[SourceVersion "1"]
[SourceVersionDate "2015.07.17"]
[SourceQuality "1"]

1. Nf3 d5 2. c4 dxc4 3. Nc3 Nc6 4. e3 Nf6 5. Bxc4 e6 6. d4 Be7 7. a3 0-0 8. 0-0 Bd7 9. e4 a6 10. Qc2 Rc8 11. Bg5 h6 12. Bh4 Na5 13. h3 Nxc4 14. Bxf6 Bxf6 15. e5 Be7 16. Ne4 b5 17. Nh2 c5 18. b3 Nb6 19. Nxc5 Bxc5 20. dxc5 Nd5 21. f4 Qe7 22. Qe4 Rxc5 23. Rf3 Rfc8 24. Ng4 Rc3 25. Rxc3 Rxc3 26. Nf2 Rxb3 27. Ng4 Rxa3 28. Rxa3 Qxa3 29. Nh2 Qe3+ 30. Qxe3 Nxe3 31. Kf2 Nd5 32. g4 Nxf4 33. Kg3 Ng6 0-1

[Event "RN-2014-0-00850"]
[Site "LSS email"]
[Date "2014.09.29"]
[Round "?"]
[White "Salinas, Evin"]
[Black "Lenz, Juergen"]
[Result "0-1"]
[WhiteElo "661"]
[BlackElo "947"]
[PlyCount "70"]
[EventDate "2014.09.19"]
[EventType "tourn (corr)"]
[EventRounds "6"]
[EventCountry "GER"]
[SourceTitle "Corr 2015"]
[Source "ChessBase"]
[SourceDate "2015.07.17"]
[SourceVersion "1"]
[SourceVersionDate "2015.07.17"]
[SourceQuality "1"]

1. Nf3 Nf6 2. d4 c5 3. d5 c4 4. Nc3 Qa5 5. e4 b5 6. Qd4 Ba6 7. b4 Qxb4 8. Rb1 Qa5 9. e5 Ng8 10. Bd2 Qb6 11. Qe4 Qc5 12. Be3 Qc8 13. d6 Bb7 14. Qf4 a6 15. Be2 g6 16. Ng5 f6 17. Nf3 Bh6 18. Qd4 Nc6 19. Qd2 Bxe3 20. Qxe3 e6 21. 0-0 fxe5 22. Nxe5 Nf6 23. f4 0-0 24. Qg3 Qe8 25. Bf3 Rb8 26. Nxc6 Bxc6 27. Bxc6 dxc6 28. Rbe1 Rd8 29. f5 Qf7 30. Rxe6 Nh5 31. Qg5 Ng7 32. g4 Nxe6 33. Qc1 Nd4 34. Ne4 gxf5 35. Rxf5 Nxf5 0-1

[Event "RN-2014-0-00850"]
[Site "LSS email"]
[Date "2014.09.29"]
[Round "?"]
[White "Salinas, Evin"]
[Black "Venturas, Bob"]
[Result "1-0"]
[WhiteElo "661"]
[BlackElo "686"]
[PlyCount "63"]
[EventDate "2014.09.19"]
[EventType "tourn (corr)"]
[EventRounds "6"]
[EventCountry "GER"]
[SourceTitle "Corr 2015"]
[Source "ChessBase"]
[SourceDate "2015.07.17"]
[SourceVersion "1"]
[SourceVersionDate "2015.07.17"]
[SourceQuality "1"]

1. Nf3 d5 2. e3 Nc6 3. Bb5 Bd7 4. 0-0 Nf6 5. d4 a6 6. c4 dxc4 7. Bxc4 e6 8. Nc3 Be7 9. a3 0-0 10. b4 Na7 11. Ne5 Bc6 12. f3 h6 13. e4 b5 14. Bd3 Bb7 15. Ne2 Nh7 16. f4 Nf6 17. Qc2 Bd6 18. Ng3 Be7 19. Bb2 Nc6 20. Nxc6 Bxc6 21. Qxc6 Ng4 22. e5 Ne3 23. Rf2 Qc8 24. Rc1 Bd8 25. Nh5 Bh4 26. Rf3 Nd5 27. Rh3 Bd8 28. Rg3 g6 29. f5 exf5 30. Rxg6+ fxg6 31. Qxg6+ Kh8 32. Qg7# 1-0

[Event "SN-2014-0-00627"]
[Site "LSS email"]
[Date "2014.09.24"]
[Round "?"]
[White "Lauer, Fredric"]
[Black "Salinas, Evin"]
[Result "1-0"]
[WhiteElo "1004"]
[BlackElo "663"]
[PlyCount "103"]
[EventDate "2014.09.07"]
[EventType "tourn (corr)"]
[EventRounds "6"]
[EventCountry "GER"]
[SourceTitle "Corr 2015"]
[Source "ChessBase"]
[SourceDate "2015.07.17"]
[SourceVersion "1"]
[SourceVersionDate "2015.07.17"]
[SourceQuality "1"]

1. e4 e5 2. Nf3 d6 3. Bc4 Nf6 4. Nc3 Be7 5. 0-0 Bg4 6. h3 Bxf3 7. Qxf3 Nc6 8. Bb5 0-0 9. Bxc6 bxc6 10. d3 d5 11. Bg5 h6 12. Bxf6 Bxf6 13. exd5 cxd5 14. Nxd5 Bg5 15. b3 Re8 16. Rfe1 Rb8 17. Nc3 Bd2 18. Ne4 Bxe1 19. Rxe1 Rb6 20. a4 Rb4 21. Qg4 Re6 22. Nf6+ Rxf6 23. Qxb4 Qd6 24. Qxd6 cxd6 25. f3 Re6 26. Kf2 a5 27. d4 exd4 28. Rd1 d5 29. Rxd4 Rc6 30. Rxd5 Rxc2+ 31. Kg3 Rc3 32. Rxa5 Rxb3 33. Ra8+ Kh7 34. a5 f5 35. a6 Ra3 36. a7 Kg6 37. Kf4 Ra4+ 38. Ke5 Ra2 39. Kd5 Kh5 40. g4+ fxg4 41. hxg4+ Kh4 42. Kc5 Kg3 43. Kb6 Kxf3 44. Rg8 Rxa7 45. Kxa7 Kxg4 46. Rxg7+ Kh4 47. Kb6 h5 48. Kc5 Kh3 49. Kd4 h4 50. Ke3 Kh2 51. Kf2 h3 52. Rh7 1-0

[Event "SN-2014-0-00627"]
[Site "LSS email"]
[Date "2014.09.24"]
[Round "?"]
[White "Salinas, Evin"]
[Black "Caudill, Tommy A"]
[Result "1-0"]
[WhiteElo "663"]
[BlackElo "711"]
[PlyCount "29"]
[EventDate "2014.09.07"]
[EventType "tourn (corr)"]
[EventRounds "6"]
[EventCountry "GER"]
[SourceTitle "Corr 2015"]
[Source "ChessBase"]
[SourceDate "2015.07.17"]
[SourceVersion "1"]
[SourceVersionDate "2015.07.17"]
[SourceQuality "1"]

1. e4 c6 2. d4 d5 3. Nc3 Nf6 4. e5 Nfd7 5. Nf3 Nb6 6. Bg5 Be6 7. Be2 f6 8. Bh4 N8d7 9. 0-0 Qc7 10. b3 h6 11. Bg3 f5 12. Nh4 0-0-0 13. Ng6 Rg8 14. Nf4 Nxe5 15. Nxe6 1-0

[Event "SN-2014-0-00627"]
[Site "LSS email"]
[Date "2014.09.24"]
[Round "?"]
[White "Salinas, Evin"]
[Black "Gorman, Andrew"]
[Result "0-1"]
[WhiteElo "663"]
[BlackElo "820"]
[PlyCount "74"]
[EventDate "2014.09.07"]
[EventType "tourn (corr)"]
[EventRounds "6"]
[EventCountry "GER"]
[SourceTitle "Corr 2015"]
[Source "ChessBase"]
[SourceDate "2015.07.17"]
[SourceVersion "1"]
[SourceVersionDate "2015.07.17"]
[SourceQuality "1"]

1. e4 e5 2. Nf3 Nc6 3. Nc3 Nf6 4. Bb5 Bd6 5. a3 a6 6. Bc4 Bc5 7. 0-0 d6 8. d3 h6 9. Ne2 0-0 10. c3 Bg4 11. Ng3 b5 12. h3 Bxf3 13. Qxf3 Re8 14. Nf5 Ne7 15. Qg3 Nxf5 16. exf5 Kf8 17. Ba2 Qd7 18. b4 Bb6 19. Be3 Bxe3 20. fxe3 Re7 21. e4 Nh5 22. Qh4 Nf6 23. d4 Rb8 24. Rad1 c6 25. Rf3 Qb7 26. g4 Nxe4 27. f6 Nxf6 28. g5 Nh7 29. g6 Ng5 30. Rf5 Ke8 31. gxf7+ Nxf7 32. Rdf1 Ng5 33. Rf8+ Kd7 34. Qg4+ Kc7 35. h4 Nh7 36. Qg6 Nxf8 37. Rf7 Nxg6 0-1

[Event "RN-2014-0-00848"]
[Site "LSS email"]
[Date "2014.09.24"]
[Round "?"]
[White "Salinas, Evin"]
[Black "Hickl, Norbert"]
[Result "0-1"]
[WhiteElo "661"]
[BlackElo "924"]
[PlyCount "86"]
[EventDate "2014.09.07"]
[EventType "tourn (corr)"]
[EventRounds "6"]
[EventCountry "GER"]
[SourceTitle "Corr 2015"]
[Source "ChessBase"]
[SourceDate "2015.07.17"]
[SourceVersion "1"]
[SourceVersionDate "2015.07.17"]
[SourceQuality "1"]

1. e4 e6 2. Nf3 d5 3. exd5 exd5 4. Nd4 Nf6 5. Nc3 Bg4 6. Be2 Bxe2 7. Qxe2+ Be7 8. Qb5+ Nbd7 9. Qxb7 0-0 10. Nxd5 Nxd5 11. Qxd5 Nf6 12. Qxd8 Rfxd8 13. Nc6 Re8 14. 0-0 Bd6 15. d3 Re2 16. Nd4 Re7 17. Bg5 h6 18. Bxf6 gxf6 19. Nf5 Re2 20. Nxh6+ Kf8 21. Rac1 Bf4 22. Rfe1 Rxe1+ 23. Rxe1 Bxh6 24. g3 Re8 25. Rxe8+ Kxe8 26. f4 Kd7 27. Kf2 Ke6 28. c4 Bf8 29. h4 Kf5 30. Kf3 Bc5 31. g4+ Ke6 32. h5 Bf8 33. Ke4 c6 34. g5 f5+ 35. Kd4 c5+ 36. Kc3 Bd6 37. h6 Bxf4 38. h7 Bxg5 39. b4 Bf6+ 40. Kb3 cxb4 41. Kxb4 f4 42. c5 f3 43. c6 Kd6 0-1

[Event "ZN-2014-0-02808"]
[Site "LSS email"]
[Date "2014.09.20"]
[Round "?"]
[White "Salinas, Evin"]
[Black "Malyszek, Tomasz"]
[Result "0-1"]
[WhiteElo "661"]
[BlackElo "950"]
[PlyCount "36"]
[EventDate "2014.09.16"]
[EventType "match (corr)"]
[EventRounds "2"]
[EventCountry "GER"]
[SourceTitle "Corr 2015"]
[Source "ChessBase"]
[SourceDate "2015.07.17"]
[SourceVersion "1"]
[SourceVersionDate "2015.07.17"]
[SourceQuality "1"]

1. e4 e5 2. Nf3 d6 3. d4 exd4 4. Bc4 Be7 5. Qxd4 Nf6 6. Ng5 0-0 7. 0-0 Nc6 8. Qc3 h6 9. Nf3 Bg4 10. b4 Bxf3 11. Qxf3 Ne5 12. Be2 Nxf3+ 13. Bxf3 Nh7 14. Nc3 Bf6 15. Bb2 Ng5 16. Rab1 Nxf3+ 17. gxf3 Be5 18. Kh1 Qh4 0-1

[Event "SN-2014-0-00625"]
[Site "LSS email"]
[Date "2014.09.18"]
[Round "?"]
[White "Salinas, Evin"]
[Black "Gyongyosi, Peter Laszlo"]
[Result "1-0"]
[WhiteElo "663"]
[BlackElo "770"]
[PlyCount "89"]
[EventDate "2014.08.28"]
[EventType "tourn (corr)"]
[EventRounds "6"]
[EventCountry "GER"]
[SourceTitle "Corr 2015"]
[Source "ChessBase"]
[SourceDate "2015.07.17"]
[SourceVersion "1"]
[SourceVersionDate "2015.07.17"]
[SourceQuality "1"]

1. e4 d5 2. exd5 Qxd5 3. Nc3 Qa5 4. Qf3 Nf6 5. Bb5+ c6 6. Ba4 Bd7 7. h3 e6 8. a3 Be7 9. d3 0-0 10. Bd2 Qb6 11. Rb1 Na6 12. Be3 Bc5 13. Bg5 Be7 14. Nge2 Rfe8 15. 0-0 h6 16. Bh4 Nc5 17. b4 Nxa4 18. Nxa4 Qd8 19. Nc5 b6 20. Nxd7 Qxd7 21. c4 Red8 22. d4 Nh7 23. Bxe7 Qxe7 24. b5 cxb5 25. Rxb5 Nf6 26. d5 exd5 27. cxd5 Rac8 28. Nd4 Qb7 29. Nc6 Rd6 30. Qf5 Ne8 31. Ne7+ Qxe7 32. Qxc8 Kh7 33. Qc3 Nc7 34. Rb3 Rxd5 35. Re1 Qd6 36. Qc2+ g6 37. Rc3 Ne6 38. h4 Rd2 39. Qc1 Qd4 40. Rf3 Nf4 41. Kf1 Ra2 42. Qxf4 Qxf4 43. Rxf4 Rxa3 44. Rxf7+ Kg8 45. Ree7 1-0

[Event "SN-2014-0-00625"]
[Site "LSS email"]
[Date "2014.09.18"]
[Round "?"]
[White "Salinas, Evin"]
[Black "Vontina, Maria"]
[Result "0-1"]
[WhiteElo "663"]
[BlackElo "612"]
[PlyCount "34"]
[EventDate "2014.08.28"]
[EventType "tourn (corr)"]
[EventRounds "6"]
[EventCountry "GER"]
[SourceTitle "Corr 2015"]
[Source "ChessBase"]
[SourceDate "2015.07.17"]
[SourceVersion "1"]
[SourceVersionDate "2015.07.17"]
[SourceQuality "1"]

1. e4 e6 2. Nf3 d5 3. exd5 exd5 4. d4 Bg4 5. Nbd2 Nf6 6. b3 Be7 7. c4 0-0 8. Bd3 c6 9. c5 Re8 10. h3 Bh5 11. g4 Bg6 12. Bxg6 hxg6 13. Nh4 Ne4 14. f3 Bxh4+ 15. Kf1 Ng3+ 16. Kg2 Nxh1 17. Kxh1 Re1+ 0-1

[Event "ZN-2014-0-02796"]
[Site "LSS email"]
[Date "2014.09.04"]
[Round "?"]
[White "Salinas, Evin"]
[Black "Timing, Jan"]
[Result "0-1"]
[WhiteElo "661"]
[BlackElo "1423"]
[PlyCount "50"]
[EventDate "2014.09.02"]
[EventType "match (corr)"]
[EventRounds "2"]
[EventCountry "GER"]
[SourceTitle "Corr 2015"]
[Source "ChessBase"]
[SourceDate "2015.07.17"]
[SourceVersion "1"]
[SourceVersionDate "2015.07.17"]
[SourceQuality "1"]

1. Nf3 d5 2. Nc3 d4 3. Ne4 e5 4. b3 f5 5. Neg5 e4 6. Nh4 Qxg5 7. g3 Nf6 8. d3 Bb4+ 9. Bd2 Qxd2+ 10. Qxd2 Bxd2+ 11. Kxd2 Nc6 12. Bh3 g5 13. Nxf5 g4 14. Bg2 Bxf5 15. dxe4 Nxe4+ 16. Bxe4 Bxe4 17. Rae1 Bxh1 18. Rxh1 0-0 19. Ke1 Rf5 20. h3 Raf8 21. Rh2 Rh5 22. h4 Nb4 23. Kd2 Rc5 24. a3 Rxc2+ 25. Kd1 Re8 0-1

[Event "RN-2014-0-00839"]
[Site "LSS email"]
[Date "2014.08.24"]
[Round "?"]
[White "Salinas, Evin"]
[Black "Devies, Stefaan"]
[Result "0-1"]
[WhiteElo "661"]
[BlackElo "977"]
[PlyCount "28"]
[EventDate "2014.08.11"]
[EventType "tourn (corr)"]
[EventRounds "6"]
[EventCountry "GER"]
[SourceTitle "Corr 2015"]
[Source "ChessBase"]
[SourceDate "2015.07.17"]
[SourceVersion "1"]
[SourceVersionDate "2015.07.17"]
[SourceQuality "1"]

1. e4 c5 2. Nf3 d6 3. Nc3 Nf6 4. Bc4 e6 5. 0-0 Be7 6. Ne2 e5 7. h3 Nxe4 8. Re1 0-0 9. c3 Nc6 10. d4 Bd7 11. d5 Nb8 12. a3 b6 13. Kh1 Nxf2+ 14. Kg1 Nxd1 0-1

[Event "SN-2014-0-00620"]
[Site "LSS email"]
[Date "2014.08.23"]
[Round "?"]
[White "Garcia, Javier N"]
[Black "Salinas, Evin"]
[Result "1-0"]
[WhiteElo "749"]
[BlackElo "661"]
[PlyCount "55"]
[EventDate "2014.08.08"]
[EventType "tourn (corr)"]
[EventRounds "6"]
[EventCountry "GER"]
[SourceTitle "Corr 2015"]
[Source "ChessBase"]
[SourceDate "2015.07.17"]
[SourceVersion "1"]
[SourceVersionDate "2015.07.17"]
[SourceQuality "1"]

1. d4 Nc6 2. Nf3 d6 3. e4 Nf6 4. Nc3 Bg4 5. Bb5 a6 6. Bxc6+ bxc6 7. Bg5 h6 8. Bxf6 exf6 9. Qd3 d5 10. e5 Be7 11. 0-0-0 f5 12. h3 Bxf3 13. Qxf3 0-0 14. Qxf5 Bh4 15. g4 Qg5+ 16. Qxg5 Bxg5+ 17. Kb1 a5 18. h4 Be7 19. g5 hxg5 20. hxg5 Bxg5 21. Rh5 Bh6 22. Rg1 a4 23. Rxh6 Rfe8 24. Rxc6 Ra7 25. Nxd5 Re6 26. Rxc7 Rxc7 27. Nxc7 Rc6 28. Ne8 1-0